000 00521cam a2200193 i 4500
001 49031
005 20230410103521.0
008 071102b1985 dr a 000 0 spa
041 0 _aspa
050 1 4 _a118 PQ 7409
_bH542d 1985
100 1 _aHeredia Matos, Domingo
245 1 0 _aDuarte y Bolívar /
_cDomingo Heredia Matos
260 _aSanto Domingo :
_bEditora Epoca ,
_c1985
300 _a130 p. :
_bfotos.
650 4 _aLiteratura dominicana
650 4 _aPoesía dominicana
942 _2lcc
_cbk
946 4 2 _amfcruz
999 _c20381
_d20381